| 000 | 00513nam a2200121 a 4500 | ||
|---|---|---|---|
| 008 | 120416s1994 ||||||||||||||||| || u | ||
| 050 | _aS 594 Pro | ||
| 100 | _aKwaje, S. L | ||
| 245 | 1 | 0 | _aProceedings of the First International workshop on capacity building in soil and water management in africa |
| 260 |
_aNairobi _bScience Academy _c1994 |
||
| 350 | _a0.00 | ||
| 995 |
_D0.00 _FCBU-MAIN LIBRARY (Kitwe) _H1 _I7.50 _M1 _UAVAILABLE _ZMain Library Open Access Collection |
||
| 999 |
_c54826 _d54826 |
||